La contrapublicidad electoral como categoría de la Comunicación Política = Electoral subvertising: political communication category /
Hasta el día de hoy, el estudio de la contrapublicidad electoral no ha sido un tema considerado dentro de la comunicación política. Es en este contexto que este artículo pretende ahondar en las posibilidades que tiene este tipo de actividades comunicativas de integrarse como una categoría explicativ...
Enregistré dans:
| Auteur principal: | |
|---|---|
| Format: | Texte |
| Sujets: | |
| Tags: |
Ajouter un tag
Pas de tags, Soyez le premier à ajouter un tag!
|
MARC
| LEADER | 00000 a a2200000 04500 | ||
|---|---|---|---|
| 001 | 44217 | ||
| 003 | |||
| 040 | |||
| 100 | |a Castro Avila, Mariela | ||
| 245 | |a La contrapublicidad electoral como categoría de la Comunicación Política = |b Electoral subvertising: political communication category / |c Mariela Castro Avila | ||
| 500 | |a mcastroavila@gmail.com | ||
| 520 | |a Hasta el día de hoy, el estudio de la contrapublicidad electoral no ha sido un tema considerado dentro de la comunicación política. Es en este contexto que este artículo pretende ahondar en las posibilidades que tiene este tipo de actividades comunicativas de integrarse como una categoría explicativa de la comunicación política. | ||
| 590 | |a RRH/FEBRERO2013 | ||
| 650 | |a 1.PUBLICIDAD | ||
| 650 | |a 2.ELECCIONES | ||
| 650 | |a 3.MEDIOS DE COMUNICACION | ||
| 650 | |a 4.POLITICA | ||
| 650 | |a 5.CONSUMO | ||
| 650 | |a 7.COSTA RICA | ||
| 740 | |a Costa Rica: elecciones nacionales 2010: |b una mirada a su democracia | ||
| 773 | |g número130 ( , 2010), páginas 131-143 : ilustraciones | ||
| 999 | |c 27401 |d 27401 | ||
| 773 | 0 | |0 18728 |9 3017 |a Universidad de Costa Rica |d San José, Costa Rica Editorial UCR 1956- |o 15060 |t Revista de Ciencias Sociales/ |x 04825276 | |
